| 000 | 00415cam a22001337a 4500 | ||
|---|---|---|---|
| 008 | 180718b1990 xxu||||| |||| 00| 0 eng d | ||
| 082 | _aT000x42 W372 | ||
| 100 | _aWeale, Martin, et al. | ||
| 245 |
_aMacroeconomic policy: inflation, wealth and the exchange rate _cby Martin Weale, et.al |
||
| 260 |
_aLondon _bUnwin Hyman _c1990 |
||
| 300 | _a372p. | ||
| 650 | _aEconometric model | ||
| 650 | _aEconomic policy - U.K. | ||
| 999 |
_c356134 _d356134 |
||